Statistics for Countries of the Soviet Union by Population

Click here to take the quiz!

General Stats

  • This quiz has been taken 40 times
  • The average score is 11 of 15

Answer Stats

Country% Correct
Russia
100%
Ukraine
92%
Kazakhstan
78%
Uzbekistan
78%
Azerbaijan
73%
Belarus
73%
Georgia
73%
Kyrgyzstan
70%
Moldova
70%
Armenia
68%
Lithuania
68%
Tajikistan
68%
Estonia
62%
Latvia
62%
Turkmenistan
62%

Score Distribution

Percentile by Number Answered

Percent of People with Each Score

Your Score History

You have not taken this quiz